| 000 | 00589nam a2200205 a 4500 | ||
|---|---|---|---|
| 001 | BRCA_6854 | ||
| 005 | 20190321142920.0 | ||
| 008 | 091111s1950----sp-o######---#000-0#spa-# | ||
| 041 | _aspa | ||
| 044 | _asp | ||
| 050 | 4 | _b.A23 1950 | |
| 245 | 1 | 0 | _aAbadia de Santo Domingo de Silos. |
| 260 |
_aMadrid _bHauser _c[1950] |
||
| 300 |
_a20 tarjetas postales _c9 cm. |
||
| 500 | _aTarjetas postales inventariadas como libro por el Banco de México. | ||
| 500 | _aL139 | ||
| 651 | 4 |
_aSanto Domingo de Silos (España) _xEdificios, estructuras, etc. _917085 |
|
| 902 | _aGFM | ||
| 942 |
_2lcc _cB |
||
| 999 |
_c6536 _d6536 |
||